| 000 | 00393nam a2200121Ia 4500 | ||
|---|---|---|---|
| 008 | 210430s9999 xx 000 0 und d | ||
| 082 | _a620.118 S893 F | ||
| 100 | _aA Brent Strong | ||
| 245 |
_aFundamentals of Composotes Manufacturing Materials,Methods and Applications _cA Brent Strong |
||
| 260 |
_aMichigan _bSociety of Manufacturing Engineers _c1989 |
||
| 300 | _a252p. | ||
| 942 |
_cBK _2ddc |
||
| 999 |
_c563827 _d563827 |
||